| 000 | 01708cam a22002054a 4500 | ||
|---|---|---|---|
| 999 |
_c3569 _d3569 |
||
| 020 | _a0764533932 (alk. paper) | ||
| 022 | _a9780764533938 | ||
| 050 | 0 | 0 |
_aHG4515.95 _b.G73 |
| 100 | 1 | _aGray, Thomas S., | |
| 245 | 1 | 0 |
_aTeach yourself investing online / _cThomas S. Gray and Claire Mencke. |
| 260 |
_aFoster City, CA : _bIDG Books Worldwide, _cc2000. |
||
| 300 |
_axx, 411 p. : _bill. ; _c24 cm. |
||
| 500 | _aIncludes index. | ||
| 505 | _aPART I: Discovering Online Investing. Chapter 1: Getting Organized. Chapter 2: Exploring Financial Web Sites. Chapter 3: Before You Send Money: Crafting an Investment Plan. Chapter 4: Dry-Run Investing: Personalization and Practice. PART II: Getting Your Feet Wet. Chapter 5: Going Shopping. Chapter 6: Basic Stock Trading. Chapter 7: Investing in Mutual Funds. Chapter 8: Company Research: Profiles and News. Chapter 9: Company Research: Finding and Using Financial Data. Chapter 10: Narrowing the Field With Stock Screens. Chapter 11: Watching the Analysts and Insiders. PART III: Keeping Posted. Chapter 12: Working With Portfolios to Track Performance. Chapter 13: Getting the News Brought to You. Chapter 14: Deciding When to Buy and Sell. PART IV: Expanding Your Investment Horizons Chapter 15: Adding to Your Trading Repertoire. Chapter 16: Getting in on the Ground Floor: Initial Public Offerings. Chapter 17: What You Should Know About Day Trading. Chapter 18: Joining the Online Investing Community. Chapter 19: Protecting Your Money. Appendix A: Personal Workbook Answers. Glossary. | ||
| 650 | 0 | 0 |
_aInvestments _xComputer network resources. |
| 650 | 0 | 0 | _aPortfolio management. |
| 650 | 0 | 0 | _aInvestment analysis. |
| 700 | 1 | _aMencke, Claire. | |
| 942 | _cBK | ||